000 00334nam a2200133Ia 4500
005 20251222140110.0
008 251222s1900||||xx |||||||||||||| ||spa||
020 _a9972853020
082 _a210.7/I59
245 0 _aTeología Fundamental
250 _a5a.ed.
264 _bInstituto de Teología Pastoral «Fray Martín»
942 _cLIB
999 _c4275
_d4275